Подробности
| 000 -МАРКЕР |
| контрольное поле |
02586nam0a2200433 4500 |
| 001 - ИДЕНТИФИКАТОР ЗАПИСИ |
| контрольное поле |
RU\NLR\bibl\1723815 |
| 005 - ИДЕНТИФИКАТОР ВЕРСИИ |
| контрольное поле |
20260408012512.0 |
| 010 ## - МЕЖДУНАРОДНЫЙ СТАНДАРТНЫЙ НОМЕР КНИГИ (ISBN) |
| Номер (ISBN) |
978-5-9902549-1-6 |
| Тираж |
100 |
| 021 ## - НОМЕР ГОСУДАРСТВЕННОЙ РЕГИСТРАЦИИ |
| Код страны |
Российская Федерация |
| Номер |
2010-98629 |
| Номер Листа государственной регистраци |
6654 |
| 035 ## - ДРУГИЕ СИСТЕМНЫЕ НОМЕРА |
| Идентификатор записи |
(nilc)RSL-KNO-004863546 |
| 035 ## - ДРУГИЕ СИСТЕМНЫЕ НОМЕРА |
| Идентификатор записи |
(NLR Aleph) 001714794 |
| 100 ## - ДАННЫЕ ОБЩЕЙ ОБРАБОТКИ |
| Данные общей обработки |
20101213d2010 |||y0rusy50 ca |
| 101 0# - ЯЗЫК РЕСУРСА |
| Язык текста, звукозаписи и т.д. |
русский |
| 102 ## - СТРАНА ПУБЛИКАЦИИ ИЛИ ПРОИЗВОДСТВА |
| Страна публикации |
Российская Федерация |
| 105 ## - ПОЛЕ КОДИРОВАННЫХ ДАННЫХ: ТЕКСТОВЫЕ МАТЕРИАЛЫ, МОНОГРАФИЧЕСКИЕ |
| Кодированные данные о монографическом текстовом документе |
a ||||||||| |
| 200 1# - ЗАГЛАВИЕ И СВЕДЕНИЯ ОБ ОТВЕТСТВЕННОСТИ |
| Основное заглавие |
"И памятники дышат, как живые" |
| Сведения, относящиеся к заглавию |
(памятники боевой славы, установленные на Курской земле в честь событий Великой Отечественной войны) |
| Первые сведения об ответственности |
[А. Ю. Золотухин, д.ист.н. В.В. Коровин, к.ист.н. А.Н. Манжосов] |
| Последующие сведения об ответственности |
Юго-Западное отд-ние Акад. военно-исторических наук |
| 210 ## - ПУБЛИКАЦИЯ, РАСПРОСТРАНЕНИЕ И ДР. |
| Место издания, распространения и т.д. |
Курск |
| Имя издателя, распространителя и т. д. |
Юго-Западное отд-ние Акад. военно-исторических наук |
| Дата издания, распространения и т.д. |
2010 |
| 215 ## - ФИЗИЧЕСКАЯ ХАРАКТЕРИСТИКА |
| Специфическое обозначение материала и объем |
103 с. |
| Другие сведения о физической характеристике |
ил. |
| Размеры |
21 |
| 225 1# - СЕРИЯ |
| Основное заглавие серии |
Серия "Памятники ратной славы" |
| 300 ## - ОБЩИЕ ПРИМЕЧАНИЯ |
| Текст примечания |
Авт. указаны на обороте тит. л. |
| 320 ## - ПРИМЕЧАНИЯ О НАЛИЧИИ В ДОКУМЕНТЕ БИБЛИОГРАФИИ / УКАЗАТЕЛЯ |
| Текст примечания |
Библиогр. в подстроч. примеч. |
| 606 1# - НАИМЕНОВАНИЕ ТЕМЫ КАК ПРЕДМЕТ |
| Наименование темы |
Великая Отечественная война |
| Тематический подзаголовок |
Увековечение памяти |
| Географический подзаголовок |
Курская область |
| Хронологический подзаголовок |
1941 - 1945 |
| Системный номер авторитетной/нормативной записи |
2628457 |
| Идентификатор авторитетной/нормативной записи |
RU\NLR\auth\661565017 |
| 686 ## - ИНДЕКСЫ ДРУГИХ КЛАССИФИКАЦИЙ |
| Индекс |
Т3(2)722л60 |
| Код системы |
|
| 686 ## - ИНДЕКСЫ ДРУГИХ КЛАССИФИКАЦИЙ |
| Индекс |
Т3(2Р-4Курс)722л60 |
| Код системы |
|
| 686 ## - ИНДЕКСЫ ДРУГИХ КЛАССИФИКАЦИЙ |
| Индекс |
Т3(2)722.9-9(2Р-4Курс) |
| 686 ## - ИНДЕКСЫ ДРУГИХ КЛАССИФИКАЦИЙ |
| Индекс |
Т3(2)722.78 |
| 686 ## - ИНДЕКСЫ ДРУГИХ КЛАССИФИКАЦИЙ |
| Индекс |
Ц35(2)722л(2Р-4Курс)6 |
| 700 #1 - ИМЯ ЛИЦА - ПЕРВИЧНАЯ ОТВЕТСТВЕННОСТЬ |
| Код отношения |
Автор |
| Начальный элемент ввода |
Золотухин |
| Часть имени, кроме начального элемента ввода |
А. Ю. |
| Дополнения к именам, кроме дат |
канд. ист. наук, отечественная история |
| Расширение инициалов личного имени |
Алексей Юрьевич |
| Системный номер авторитетной/нормативной записи |
147619 |
| Идентификатор авторитетной/нормативной записи |
RU\NLR\AUTH\770147655 |
| 701 #1 - ИМЯ ЛИЦА - АЛЬТЕРНАТИВНАЯ ОТВЕТСТВЕННОСТЬ |
| Код отношения |
Автор |
| Начальный элемент ввода |
Коровин |
| Часть имени, кроме начального элемента ввода |
В. В. |
| Дополнения к именам, кроме дат |
д-р ист. наук, отечеств. история |
| Даты |
1969- |
| Расширение инициалов личного имени |
Владимир Викторович |
| Системный номер авторитетной/нормативной записи |
147611 |
| Идентификатор авторитетной/нормативной записи |
RU\NLR\AUTH\770147647 |
| 701 #1 - ИМЯ ЛИЦА - АЛЬТЕРНАТИВНАЯ ОТВЕТСТВЕННОСТЬ |
| Код отношения |
Автор |
| Материалы, к которым относится поле |
rus |
| Графика поля |
Кириллица |
| Начальный элемент ввода |
Манжосов |
| Часть имени, кроме начального элемента ввода |
А. Н. |
| Дополнения к именам, кроме дат |
канд. ист. наук, канд. мед. наук |
| Даты |
1951- |
| Расширение инициалов личного имени |
Александр Николаевич |
| Идентификатор авторитетной/нормативной записи |
RU\NLR\AUTH\7799064 |
| Системный номер авторитетной/нормативной записи |
81990 |
| 712 02 - НАИМЕНОВАНИЕ ОРГАНИЗАЦИИ - ВТОРИЧНАЯ ОТВЕТСТВЕННОСТЬ |
| Код отношения |
Прочие |
| Начальный элемент ввода |
Академия военно-исторических наук |
| Идентифицирующий признак |
Санкт-Петербург |
| Структурное подразделение |
Юго-западное отделение |
| Идентифицирующий признак |
Курск |
| Идентификатор авторитетной/нормативной записи |
RU\NLR\AUTH\8810174698 |
| Системный номер авторитетной/нормативной записи |
845446 |
| 801 #0 - ИСТОЧНИК ЗАПИСИ |
| Страна |
Российская Федерация |
| Организация |
RuMoRKP |
| Дата составления |
20101213 |
| Правила каталогизации |
rcr |
| 801 #1 - ИСТОЧНИК ЗАПИСИ |
| Страна |
Российская Федерация |
| Организация |
RuMoRGB |
| Дата составления |
20101213 |
| 801 #2 - ИСТОЧНИК ЗАПИСИ |
| Страна |
Российская Федерация |
| Организация |
NLR |
| Дата составления |
20110118 |
| Правила каталогизации |
rcr |
| 942 ## - ДОПОЛНИТЕЛЬНЫЕ ЭЛЕМЕНТЫ ЗАПИСИ (АБИС) |
| Тип экземпляра АБИС |
Книга |
| 980 ## - КОЛЛЕКЦИЯ |
| Название коллекции |
Национальная библиография |